Journal of business finance & accounting

Enregistré dans:
Détails bibliographiques
Format: Publication en série
Langue:anglais
Publié: Oxford Blackwell Publ. 2001
Sujets:
Tags: Ajouter un tag
Pas de tags, Soyez le premier à ajouter un tag!

MARC

LEADER 00000nas2a2200000 4500
001 0006756
005 20160720112002.5
022 |a 0306-686X 
041 0 |a eng 
044 |a GB 
245 1 0 |a Journal of business finance & accounting 
264 1 |a Oxford  |b Blackwell Publ.  |c 2001 
300 |a 1 zv. 
500 |a chýba č. 3, 4 
773 0 |w eu_un_cat*s122605 
610 2 0 |a financie podnikové 
610 2 0 |a účtovníctvo 
610 2 0 |a účtovníctvo manažérske